Southville International School and Colleges
Your cart is empty.
  • Cart
  • Lists
    Public lists Eva Luna New books Lux_list list_1
    Your lists Log in to create your own lists
  • Log in to your account
  • Your cookies
  • Search history
Southville International School and Colleges
  • Advanced search
  • Recent comments
  • Most popular
  • Libraries

Log in to your account

Log in with GOOGLE


If you do not have an external account, but do have a local account, you can still log in:

  1. Home
  2. MARC view: Folk tales of Philippines /
Normal view MARC view ISBD view

Folk tales of Philippines / (Record no. 1522)

[ view plain ]
MARC details
000 -LEADER
fixed length control field 00453nam a22001697a 4500
003 - CONTROL NUMBER IDENTIFIER
control field LC
005 - DATE AND TIME OF LATEST TRANSACTION
control field 20170228103821.0
008 - FIXED-LENGTH DATA ELEMENTS--GENERAL INFORMATION
fixed length control field 121207t xxu||||| |||| 00| 0 eng d
020 ## - INTERNATIONAL STANDARD BOOK NUMBER
International Standard Book Number 8171813143
050 ## - LIBRARY OF CONGRESS CALL NUMBER
Classification number GR 325
Item number .M333 1996
082 ## - DEWEY DECIMAL CLASSIFICATION NUMBER
Classification number FIL 398.21599
Item number M337 1996
100 ## - MAIN ENTRY--PERSONAL NAME
Personal name Mariano, M.
245 ## - TITLE STATEMENT
Title Folk tales of Philippines /
Statement of responsibility, etc M. Mariano.
260 ## - PUBLICATION, DISTRIBUTION, ETC. (IMPRINT)
Place of publication, distribution, etc New Delhi :
Name of publisher, distributor, etc Learners Press,
Date of publication, distribution, etc 1996.
300 ## - PHYSICAL DESCRIPTION
Extent 120 p. :
Dimensions 18 cm.
942 ## - ADDED ENTRY ELEMENTS (KOHA)
Source of classification or shelving scheme Library of Congress Classification
Koha item type Books
Holdings
Withdrawn status Lost status Source of classification or shelving scheme Damaged status Home library Current library Shelving location Date acquired Total Checkouts Full call number Barcode Date last seen Copy number Price effective from Koha item type
    Library of Congress Classification   Luxembourg Library Luxembourg Library Filipiniana Section 12/07/2012   GR 325 .M333 1996 5098 08/13/2013 1 10/03/2013 Books

Folk tales of Philippines /

APA

Mariano M., . (1996). Folk tales of Philippines. New Delhi: Learners Press.

Chicago

Mariano M, . 1996. Folk tales of Philippines. New Delhi: Learners Press.

Harvard

Mariano M., . (1996). Folk tales of Philippines. New Delhi: Learners Press.

MLA

Mariano M, . Folk tales of Philippines. New Delhi: Learners Press. 1996.

  • Place hold
  • Print
  • Cite
  • Add to your cart (remove)
  • Save record
    BIBTEX Dublin Core MARCXML MARC (non-Unicode/MARC-8) MARC (Unicode/UTF-8) MARC (Unicode/UTF-8, Standard) MODS (XML) RIS
  • More searches
    Search for this title in:
    Other Libraries (WorldCat) Other Databases (Google Scholar) Online Stores (Bookfinder.com) Open Library (openlibrary.org)

Exporting to Dublin Core...

SOUTHVILLE LIBRARY

Southville International School and Colleges Library

1281 Tropical Ave. Cor. Luxembourg St., BF Homes International, Las Pinas City

Tel. No. 8256374 / 252358 Loc. 117/146

Powered by Koha